Word Ladder: Horse Play Quiz Stats

 Plays Quiz Updated Nov 24, 2012

Support Sporcle.
Go Orange.
Score 0/23 Timer 02:00
0 Plays Today
Clue 4-Letter Word % Correct
Low in temperatureCOLD
93.1%
Bent piece of metal to catch fishHOOK
90.5%
Have or keep in the handsHOLD
89.6%
The horny covering on the feet of horses•HOOF•
87.4%
The barking sound made by a dogWOOF
87.3%
Device for fastening a doorLOCK
86.7%
Direct the eyes to seeLOOK
86.6%
String used to tie a shoeLACE
85.6%
Young male horse•COLT•
85%
Hip or trendyCOOL
84.3%
An adult female horse•MARE•
83.9%
Long hair on the neck of a horse•MANE•
83%
Clue 4-Letter Word % Correct
Not having enough of somethingLACK
81.5%
A horse under 1 year of age•FOAL•
81%
Greater in amountMORE
79.9%
Hard substance under a tree's barkWOOD
79.7%
Covering for the head and neckHOOD
78.3%
Narrow path or roadLANE
78%
A black bituminous lumpCOAL
76.9%
A old man or a birdCOOT
70.7%
A small horse•PONY•
68.7%
Study or ponder with steady attentionPORE
52.3%
Cornmeal breadPONE
50.5%

Today's Daily Dose

Word Ladder
ING Words

Get the Picture
Nearest Volcano

From the Vault

Tennis Players Match-Up

by citkeane

Sports 6m
Try not to make a racket with your racquet.
Remove Ads.
Support Sporcle.
Get the best of Sporcle when you Go Orange. This ad-free experience offers more features, more stats, and more fun while also helping to support Sporcle. Thank you for becoming a member.

Show Comments

Extras

Top Quizzes Today


Score Distribution

Your Account Isn't Verified!

In order to create a playlist on Sporcle, you need to verify the email address you used during registration. Go to your Sporcle Settings to finish the process.

Report this User

Report this user for behavior that violates our Community Guidelines.

Details: